| 000 | 00655cam a22002171 4500 | ||
|---|---|---|---|
| 001 | sa 64000746 | ||
| 003 | DLC | ||
| 005 | 20260227111958.0 | ||
| 008 | 920114s1962 ii ab 000 0 eng | ||
| 010 | _asa 64000746 | ||
| 035 | _a(OCoLC)27112886 | ||
| 040 |
_aDLC _cPU _dDLC |
||
| 042 | _apremarc | ||
| 043 | _aa-ii--- | ||
| 050 | 0 | 0 |
_aDS485.R2 _bA54 |
| 110 | 1 |
_aIndia. _bDepartment of Tourism. |
|
| 245 | 0 | 0 | _aRajasthan. |
| 260 |
_aNew Delhi _b[Publications Division, Ministry of Information and Broadcasting, Govt. of India, _c1962] |
||
| 300 |
_a112 p. _billus. (part col.) fold. col. map. _c18 cm. |
||
| 651 | 0 |
_aRajasthan (India) _vPictorial works. |
|
| 999 |
_c56396 _d56396 |
||